00691nam a2200193Ia 4500952014200000999001700142003000400159005001700163008004100180020001800221040000900239082002600248100002600274245006100300260004700361300000900408650002200417942005800439 00102ddc40708HISTORYaMESbMEScISLd2019-02-20g1264.00l0o959.7043310922 CHA/Vp39125r2019-02-20 00:00:00w2019-02-20yBKzGL44R4 c34936d34936OSt20200131153127.0190216s9999||||xx |||||||||||||| ||und|| a9781845118532 coclc a959.7043310922bCHA/V aChanoff, David 91717 0aVietnam A Portrait Of Its People At War /cDavid Chanoff bTauris Parke Paperbacks,c1987.aNew York: a215p aPolitical Science cBK2ddch959.7043310922iCHA/Vk959.7043310922mCHA/V